000 00719nam a2200193 i 4500
001 147322
003 ES-MaACL
005 20260127062549.0
007 t|
008 070927s1960 sp ||||1| spa d
100 1 _aUbierna y Eusa, José Antonio
_9111838
245 1 0 _aResumen del curso académico 1958-1959 /
_cleído el día 11 de enero de 1960 por José Antonio Ubierna y Eusa.
260 _aMadrid :
_bImp. Viuda de Galo Sèz,
_c1960.
300 _a118 p. ;
_c24 cm.
500 _aPrecede al tít.: Real Academia de Jurisprudencia y Legislación.
700 _aReal Academia de Jurisprudencia y Legislación de España
_9217612
852 _aES-MaACL
_jC-17692
_bR.45721
999 _c147322
_d147322